Statistics for 100 Biggest Cities in the Napoleonic French Empire with a Map

Click here to take the quiz!

General Stats

  • This quiz has been taken 466 times
    (244 since last reset)
  • The average score is 67 of 100

Answers on the Map

Answers color-coded by a green-red scale on the quiz's map according to % correct below.
 

Answer Stats

PopulationCity% Correct
640kParis
100%
195kAmsterdam
98%
135kRome
98%
93kBarcelona
97%
138kMilan
97%
410kNaples
97%
113kLyon
96%
88kBordeaux
95%
75kBrussels
95%
105kHamburg
95%
103kMarseille
95%
126kVenice
95%
98kWarsaw
94%
90kGenoa
93%
84kFlorence
92%
47kMunich
92%
62kRotterdam
91%
69kTurin
91%
21kMoscow
90%
21kNice
90%
82kValencia
90%
57kAntwerp
89%
41kFrankfurt am Main
89%
50kStrasbourg
89%
52kToulouse
89%
46kDanzig
87%
30kKraków
86%
73kNantes
85%
46kCologne
84%
51kDresden
84%
62kLille
83%
47kThe Hague
83%
69kBologna
81%
23kBrest
81%
30kGeneva
81%
53kVilnius
80%
35kBremen
78%
60kGhent
78%
26kNuremberg
77%
22kStuttgart
77%
46kZaragoza
77%
25kPisa
76%
34kLeipzig
75%
33kBruges
74%
56kLiége
74%
34kUtrecht
74%
51kVerona
73%
22kDijon
72%
34kMontpellier
72%
41kOrléans
72%
29kToulon
72%
29kRennes
70%
86kRouen
70%
36kCaen
69%
40kMetz
69%
31kReims
67%
23kDunkirk
66%
30kNancy
63%
37kParma
63%
30kAachen
61%
27kGroningen
61%
23kLübeck
61%
36kPadua
61%
27kVersailles
61%
29kAugsburg
60%
39kNîmes
60%
23kPoznań
59%
40kAmiens
58%
26kAvignon
57%
33kMagdeburg
55%
25kMainz
55%
25kModena
54%
22kGrenoble
53%
24kBergamo
52%
30kClermont-Ferrand
51%
23kLimoges
51%
59kLivorno
50%
34kBrescia
48%
22kRegensburg
48%
29kAngers
47%
22kAix-en-Provence
45%
27kBesançon
45%
21kPoitiers
45%
29kFerrara
42%
30kBraunschweig
41%
26kMantua
37%
23kKassel
36%
26kTroyes
36%
28kVicenza
35%
28kLeiden
32%
30kPiacenza
31%
25kCremona
29%
21kLeuven
29%
24kPavia
29%
29kAlessandria
27%
21kAsti
25%
24kMontauban
23%
21kMechelen
22%
23kTournai
20%
24kChioggia
13%

Score Distribution

Percentile by Number Answered

Percent of People with Each Score

Your Score History

You have not taken this quiz since the last reset